|
|
|
|
| LEADER |
00000nam a2200000 i 4500 |
| 001 |
1/59678 |
| 008 |
040827s2002 gre d |
| 020 |
|
|
|a 960-04-2222-2
|
| 035 |
|
|
|l 10074161
|
| 040 |
|
|
|a GR-MY-UA
|b gre
|e aacr
|
| 041 |
0 |
|
|a gre
|
| 082 |
0 |
|
|a 889.3
|
| 100 |
1 |
|
|a Σφακιανάκης, Αρης
|d 1958-
|
| 245 |
1 |
0 |
|a Μπέιμπι σίτινγκ /
|c Αρης Σφακιανάκης
|
| 250 |
|
|
|a 4η εκδ.
|
| 260 |
|
|
|a Αθήνα :
|b Κέδρος,
|c 2002
|
| 300 |
|
|
|a 341 σ.;
|c 21 εκ.
|
| 650 |
0 |
0 |
|a Greek fiction.
|
| 852 |
|
|
|a INST
|b SAMOS
|e 20040827
|h 889.3 ΣΦΑ
|p 005300023133
|q 005300023133
|t BK
|y 0
|
| 901 |
|
|
|a BIBL3-2004-2
|
| 909 |
|
|
|a Σ
|b 107521
|
| 922 |
|
|
|a 3ΕΛΗ
|b 200406
|c ΕΠΕΑΕΚ/ΤΜΠΕΣ
|d LEADER
|
| 970 |
|
|
|a ΠΟΥΡΝΑΡΑΣ
|b ΔΗΜΗΤΡΗΣ
|z 2004/08/27
|